000 00904cam a2200217 4500
008 000000n2002 000 0 eng u
020 _a1855246201
035 _a(Sirsi) u116676
050 _a658.2
245 _aCroner's A-Z essentials : facilities management
260 _aKingston upon Thames
_bCroner.CCH
_c2002
300 _a418p.
_c21cm.
350 _a30.00
520 _aAimed at those with responsibility for premises management, security, maintenance, insurance and safety this encyclopaedia covers a wide range of diverse subjects. Each entry includes practical guidance and a short question and answer section.
650 _aASSET MANAGEMENT
650 _aProperty management
_96262
650 _aBUILT ENVIRONMENT-BUILDING MAINTENANCE AND REFURBISHMENT
650 _aBUILT ENVIRONMENT-BUILDING MAINTENANCE AND REFURBISHMENT
690 _aFACILITIES MANAGEMENT
_96240
942 _n0
999 _c101888
_d101888